Normal view MARC view

Entry Uniform Title

Number of records used in: 1

001 - CONTROL NUMBER

  • control field: 39756

003 - CONTROL NUMBER IDENTIFIER

  • control field: dpl

005 - DATE AND TIME OF LATEST TRANSACTION

  • control field: 20120119170121.0

008 - FIXED-LENGTH DATA ELEMENTS

  • fixed length control field: 120119|||a|||||| | ||| d

040 ## - CATALOGING SOURCE

  • Original cataloging agency: dpl
  • Transcribing agency: dpl

130 ## - HEADING--UNIFORM TITLE

  • Uniform title: Super-powered earth

670 ## - SOURCE DATA FOUND

  • Source citation: Work cat.: (dpl): Sen, Babita 39755, Energy from the heart of hydrogen /, 2009

670 ## - SOURCE DATA FOUND

  • Source citation: Work cat.: (dpl): Sen, Babita 39755, Energy from the heart of hydrogen /, 2009

© Delhi Public Library
Hit Counter
free hit counter